LEADER 01066nam0 2200313 450 001 000018758 005 20181017113901.0 010 $a88-13-16153-0 100 $a20081104e19891934km-y0itay50------ba 101 0 $aita 102 $aIT 105 $ay-------001yy 200 1 $a<>demanio$fEnrico Guicciardi 205 $aRist. anast. dell'ed.: Padova, Cedam, 1934. 210 $aPadova$cCedam$d1989 215 $a1 vol. in custodia (XII, 454 p.)$d26 cm 225 2 $a<>classici della Cedam 410 0$12001$a<>classici della Cedam 500 10$a<>demanio$932940 610 1 $aDemanio$aLegislazione 676 $a343.45025$v19 676 $a343.450256$v20$9Diritto pubblico. Controllo della proprietà immobiliare pubblica. Italia 676 $a343.450256$v21$9Diritto in materia di beni immobili pubblici. Uso e controllo. Italia 700 1$aGuicciardi,$bEnrico$0232043 801 0$aIT$bUNIPARTHENOPE$c20081104$gRICA$2UNIMARC 912 $a000018758 951 $a333.1/101$b30615$cNAVA4 996 $aDemanio$932940 997 $aUNIPARTHENOPE LEADER 01179nam 2200253la 450 001 9910481550103321 005 20230503102447.0 035 $a(UK-CbPIL)2090356808 035 $a(CKB)5500000000105005 035 $a(EXLCZ)995500000000105005 100 $a20230503d1503 uy | 101 0 $agrc 135 $aurcn||||a|bb| 200 10$aFlorilegium diuersorum epigrammatum in septem libros. Anthologia diaphoron epigrammaton, archaiois syntetheimenon sophois, epi diaphorois hypothesesin, hermeneias echonton epideixin, kai pragmaton he genomenon, he hos genomenon aphegesin 210 $aVenice $cAldine Press$d1503 215 $aOnline resource ([290] c., 8°) 300 $aReproduction of original in Biblioteca Nazionale Centrale di Firenze. 700 $aManuzio$b Aldo$f1449 or 1450-1515.$0743643 801 0$bUk-CbPIL 801 1$bUk-CbPIL 906 $aBOOK 912 $a9910481550103321 996 $aFlorilegium diuersorum epigrammatum in septem libros. Anthologia diaphoron epigrammaton, archaiois syntetheimenon sophois, epi diaphorois hypothesesin, hermeneias echonton epideixin, kai pragmaton he genomenon, he hos genomenon aphegesin$92099858 997 $aUNINA